=LDR 00000nam 2200000 4500 =001 INLIS000000000049871 =005 20201123105008 =035 ##$$a 0010-041700000000061 =008 201123###########################0###### =020 ##$$a 978 - 602 - 99946-3-6 =040 ##$$a NBPDMAT =082 ##$$a 297. 027 =100 ##$$a MUKHLIS =245 1#$$a Pengantar Metodologi Studi Islam / Drs. Mukhlis, M.Ag ; editor Mukhlis Muma Leon =260 ##$$a Mataram : :$b IAIN,,$c 2015 =300 ##$$a viii, 142 hlm. ; ilus. ; $c 21 cm =440 ##$$a ISLAM - METODOLOGI =500 ##$$a Biografi : hlm 142 =650 #4$$a ISLAM - METODOLOGI =850 ##$$a NBPDMAT =084 ##$$a 297. 027 Muk p =710 #$$a Mukhlis Muma =990 ##$$a 21604270 =990 ##$$a 21604271 =990 ##$$a 170/46/2017 =990 ##$$a 170/46/2017 =990 ##$$a 170/46/2017 =990 ##$$a 170/46/2017 =990 ##$$a 21604270 =990 ##$$a 170/46/2017 =990 ##$$a 170/46/2017 =990 ##$$a 170/46/2017 =990 ##$$a 170/46/2017 =990 ##$$a 170/46/2017 =990 ##$$a 170/46/2017 =990 ##$$a 170/46/2017 =990 ##$$a 170/46/2017